Before and After: Movies III Quiz Stats

Quiz Updated Sep 17, 2015

Challenge
Share
Tweet
Embed
Score 0/18 Timer 07:00
2 Plays Today
Movie Answer % Correct
Gene Kelly dances around in this classic musical with Debbie ReynoldsSingin' in the Rain Man
83.8%
Mike Judge tells the story of a man who can't stand his cubicle job anymoreOffice Space Jam
80.3%
Two men dress in drag to escape the mafiaSome Like It Hot Tub Time Machine
78.9%
A classic comedy where Cameron Diaz, well, um... let's go with 'hair gel'There's Something About Mary Poppins
78.7%
Two British friends are stuck in a zombie massacre and head to the pub for shelterShaun Of The Dead Poets Society
77.7%
Mike Myers tries to promote his public-access cable show with Dana CarveyWayne's World War Z
73.4%
Sandra Bullock and Samuel L. Jackson star in this legal thriller based on a Grisham novelA Time to Kill Bill Vol. 1
58.9%
Will Ferrell stars in this remake about a scientist who goes back to Jurassic timesLand Of The Lost In Translation
58%
Jason Segel becomes Paul Rudd's first real friend in this wedding movieI Love You, Man of Steel
52.2%
Movie Answer % Correct
Ben Affleck's directorial debut about two detectives searching for an abducted Boston girlGone Baby Gone With the Wind
50.4%
This Academy Award Best picture has Christopher Plummer as Captain Von TrappThe Sound Of Music And Lyrics
48%
Jonathan Taylor Thomas voices the young Simba in this Disney classicThe Lion King Ralph
42.6%
Roger Moore plays Bond in this film that is part in New Orleans and part in San MoniqueLive and Let Die Another Day
35.9%
This 1988 Dinosaur film features Littlefoot and spawned 12 direct-to-video sequelsThe Land Before Time Bandits
26.8%
Ian McKellen plays a gay film director in the last days of his lifeGods and Monsters, Inc.
22.8%
A poor girl must choose between her childhood sweetheart and a rich but sensitive playboyPretty In Pink Flamingos
14.8%
In this Vin Diesel/Paul Walker sequel, much of the action takes place in BrazilFast Five Easy Pieces
11.9%
Dan Aykroyd wrote, directed and starred in this comedy where he plays a sadistic, kidnapping judgeNothing but Trouble with the Curve
10.1%

You're not logged in!

Compare scores with friends on all Sporcle quizzes.
Join for Free
OR
Log In

You Might Also Like...

Show Comments

Extras

Top Quizzes Today


Score Distribution

Your Account Isn't Verified!

In order to create a playlist on Sporcle, you need to verify the email address you used during registration. Go to your Sporcle Settings to finish the process.

Report this User

Report this user for behavior that violates our Community Guidelines.

Details: